LEADER 00931nam2-2200289---450- 001 990009753290403321 005 20130723101829.0 035 $a000975329 035 $aFED01000975329 035 $a(Aleph)000975329FED01 035 $a000975329 100 $a20130723d1964----km-y0itay50------ba 101 0 $afre 102 $aFR 105 $aa-------001yy 200 1 $a<<4.1: L'>>origine des vertébrés, leur expansion dans les eaux douces et le milieu marin$evertébrés (généralités), agnathes 210 $aParis$cMasson & C.ie$d1964 215 $a387 p.$cill.$d25 cm 461 0$1001000975305$12001$aTraité de paléontologie$v04.1 610 0 $aPaleontologia 801 0$aIT$bUNINA$gRICA$2UNIMARC 901 $aBK 912 $a990009753290403321 952 $a05/23$bs.i.$fDINGE 959 $aDINGE 996 $aOrigine des vertébrés, leur expansion dans les eaux douces et le milieu marin$9834181 997 $aUNINA LEADER 01750nam a2200409 i 4500 001 991001116569707536 005 20020507111510.0 008 970308s1978 ne ||| | eng 035 $ab10175945-39ule_inst 035 $aLE00642426$9ExL 040 $aDip.to Fisica$bita 041 0 $aengfre 084 $a53(082.2) 084 $a53.3 084 $a53.4 084 $a539.7'2162 084 $aQC793.5 111 2 $aLes Houches Ecole d'Eté de Physique Théorique sur ions lourds et mesons en physique nucléaire$0463075 245 10$aNuclear physics with heavy ions and mesons = Ions lourds et mesons en physique nucléaire :$bLes Houches, Session XXX, 4 Juillet-20 Aout 1977 /$cedited by R. Balian, M. Rho and G. Ripka 260 $aAmsterdam :$bNorth-Holland Publ. Co.,$c1978 300 $a2 v. (xxix, 1107 p. compless.) :$bill. ;$c23 cm. 440 4$aLes Houches Ecole d'Eté de Physique Théorique ;$v30 650 4$aHeavy-ion collisions 650 4$aMesons 650 4$aNuclear physics 700 1 $aBalian, Roger 700 1 $aRho, Mannque 700 1 $aRipka, Georges 710 2 $aLes Houches Ecole d'Eté de Physique Théorique 740 0 $aIons lourds et mesons en physique nucléaire 907 $a.b10175945$b02-04-14$c27-06-02 912 $a991001116569707536 945 $aLE006 53(042+082.2) LES$cV. 2$g1$i2006000033954$lle006$o-$pE0.00$q-$rl$s- $t0$u0$v0$w0$x0$y.i10215700$z27-06-02 945 $aLE006 53(042+082.2) LES$cV. 1$g1$i2006000033985$lle006$o-$pE0.00$q-$rl$s- $t0$u0$v0$w0$x0$y.i10215712$z27-06-02 996 $aNuclear physics with heavy ions and mesons = Ions lourds et mesons en physique nucléaire$9189413 997 $aUNISALENTO 998 $ale006$b01-01-97$cm$da $e-$feng$gne $h0$i2